|
|
|
|
| LEADER |
00000naa a2200000 ar4500 |
| 001 |
vtls009484933 |
| 003 |
SK-MaSNL |
| 005 |
20260302100208.0 |
| 008 |
090319c1979 xo |r|p|||||||000 b|slo |
| 015 |
|
|
|a SNBRB2009/03
|2 snkbucl
|
| 038 |
|
|
|a SNKBUCL
|
| 040 |
|
|
|a SNKBUCL
|b slo
|c SNKBUCL
|e AACR2
|
| 041 |
0 |
|
|a slo
|
| 044 |
|
|
|a xo
|c SK
|
| 080 |
|
|
|a 82:929:821.162.4
|2 2001
|
| 080 |
|
|
|a 821.162.4:929
|2 2001
|
| 080 |
|
|
|a 929 Eliáš, Michal
|2 2001
|
| 100 |
1 |
|
|a Kraus, Cyril,
|d 1928-2012
|4 aut
|9 14532
|
| 245 |
1 |
0 |
|a Michal Eliáš
|c C. Kraus
|
| 600 |
1 |
7 |
|a Eliáš, Michal,
|d 1934-2018
|2 snkbucl
|9 13333
|
| 655 |
|
7 |
|a slovníkové heslá
|2 snkbucl
|9 770264
|
| 773 |
0 |
|
|t Slovník slovenskej literatúry. Prvý zväzok, A-H
|d Bratislava : Slovenský spisovateľ, 1979
|g S. 228-229
|
| 852 |
|
|
|a SNK
|b KIS3GCP
|
| 958 |
|
|
|a LX
|
| 958 |
|
|
|a SK
|
| 958 |
|
|
|a PBCK2008
|
| 958 |
|
|
|a BX
|
| 999 |
|
|
|c 1219521
|d 1221451
|